Naapurimaitaan suuremmat valtiot - Statistics

Yleistilastot
  • Tätä visaa on pelattu 968 kertaa
  • Keskiarvotulos 10 / 14
Vastaustilastot
Valtio % Oikein
Venäjä
99%
Kanada
95%
Brasilia
92%
Kongon demokraattinen tasavalta
80%
Algeria
75%
Etelä-Afrikka
74%
Ruotsi
71%
Saudi-Arabia
71%
Indonesia
68%
Iran
66%
Yhdistynyt kuningaskunta
66%
Sudan
51%
Dominikaaninen tasavalta
44%
Nicaragua
31%
Ehtoja vastaavia visoja ei löytynyt
Tulosjakauma
Jokaisen tuloksen saaneiden osuus
Persentiili vastausten määrän mukaan
Tuloshistoriasi
Et ole pelannut tätä visaa